[Event "World School-ch U13 Girls 8th"]
[Site "Iasi"]
[Date "2012.05.05"]
[Round "8"]
[White "Tishova, Svetlana"]
[Black "Shweta, Priyadarshini"]
[Result "1-0"]
[WhiteElo "1678"]
[BlackElo "1590"]
[PlyCount "73"]
[EventDate "2012.04.28"]
[EventType "swiss"]
[EventRounds "9"]
[EventCountry "ROU"]
[SourceTitle "EXT 2013"]
[Source "ChessBase"]
[SourceDate "2012.11.22"]
[SourceVersion "1"]
[SourceVersionDate "2012.11.22"]
[SourceQuality "1"]

1. e4 e5 2. Nf3 Nc6 3. Bb5 a6 4. Ba4 Nf6 5. Bxc6 dxc6 6. d3 Bg4 7. h3 Bxf3 8. Qxf3 Nd7 9. Nd2 Bc5 10. 0-0 Qe7 11. Nc4 0-0-0 12. Be3 h6 13. Bxc5 Nxc5 14. Qf5+ Nd7 15. f4 exf4 16. Rxf4 g6 17. Qg4 g5 18. Rf5 Kb8 19. Raf1 f6 20. d4 h5 21. Qe2 Rdg8 22. e5 Re8 23. c3 Rhg8 24. Qxh5 g4 25. exf6 Nxf6 26. Rxf6 b5 27. Ne5 Kb7 28. Rxc6 gxh3 29. Qxh3 Rh8 30. Qf3 Kc8 31. Ng6 Qg7 32. Nxh8 Rxh8 33. Qf5+ Kb7 34. Rg6 Qh7 35. Qh3 Qxg6 36. Qxh8 Qe4 37. Qh3 1-0

[Event "World School-ch U13 Girls 8th"]
[Site "Iasi"]
[Date "2012.05.02"]
[Round "5"]
[White "Shweta, Priyadarshini"]
[Black "Martynkova, Olena"]
[Result "1/2-1/2"]
[WhiteElo "1590"]
[BlackElo "1689"]
[PlyCount "71"]
[EventDate "2012.04.28"]
[EventType "swiss"]
[EventRounds "9"]
[EventCountry "ROU"]
[SourceTitle "EXT 2013"]
[Source "ChessBase"]
[SourceDate "2012.11.22"]
[SourceVersion "1"]
[SourceVersionDate "2012.11.22"]
[SourceQuality "1"]

1. e4 e5 2. Nf3 Nc6 3. Bb5 a6 4. Ba4 Nf6 5. 0-0 Be7 6. Re1 b5 7. Bb3 d6 8. c3 0-0 9. h3 Nb8 10. d3 Nbd7 11. Nbd2 Bb7 12. Nf1 Nc5 13. Bc2 Ne6 14. d4 exd4 15. cxd4 d5 16. e5 Nd7 17. Qd3 g6 18. Bh6 Re8 19. Ng3 c5 20. Rac1 c4 21. Qe3 Rc8 22. Kh2 Nb6 23. Kh1 a5 24. Kg1 b4 25. h4 a4 26. h5 b3 27. axb3 cxb3 28. Bb1 Nc4 29. Qe2 Qb6 30. hxg6 hxg6 31. Red1 Ba6 32. Bd3 Rc6 33. Nh4 Nxd4 34. Qg4 Rec8 35. Qf4 Ne6 36. Qf3 1/2-1/2